000 00377nam a2200157Ia 4500
003 OSt
005 20240129143321.0
008 170523s9999 xx 000 0 und d
020 _a978-0691042640
040 _ciimt university meerut
100 _aKREPS- DAVID M
245 2 _aA COURSE IN MICRO ECONOMICS THEORY
260 _bNEW DELHI PHI
260 _c1992
942 _2ddc
_c02
999 _c166
_d166